[Event "AUTO-MASTER-1897"]
[Site "http://www.queenalice.com/game.php?id=1274912"]
[Date "2014.4.21"]
[Round "2"]
[White "atom"]
[Black "RIVAS"]
[Result "1/2-1/2"]
[WhiteElo "2307"]
[BlackElo "2367"]

1. f4 g6 2. Nf3 Bg7 3. e4 c5 4. d3 d6 5. g3 Bd7 6. Bg2 Bc6 7. O-O e6 8. c3 Nf6
9. h3 Nbd7 10. Be3 Qe7 11. Nbd2 O-O 12. Qc2 d5 13. Rad1 dxe4 14. dxe4 b5 15.
Rfe1 e5 16. f5 Rad8 17. g4 gxf5 18. exf5 Nd5 19. Bg5 f6 20. Bh4 Nf4 21. Bf1 a6
22. Bf2 Rfe8 23. Ne4 c4 24. Kh2 Bxe4 25. Qxe4 Nc5 26. Bxc5 Qxc5 27. Kg3 Bh6 28.
h4 Qc7 29. Ng1 Nd3 30. Bxd3 Rxd3+ 31. Rxd3 cxd3 32. Nh3 d2 33. Rd1 Qd8 34. Kf2
Rf8 35. Ke2 Rf7 36. g5 fxg5 37. Rxd2 Qf6 38. hxg5 Bxg5 39. Nxg5 Qxg5 40. Qa8+
Kg7 41. Kd1 Qg4+ 42. Kc1 Qf4 43. Qg2+ Kh8 44. Qa8+ Kg7 45. Qg2+ 1/2-1/2

[Event "AUTO-MASTER-1897"]
[Site "http://www.queenalice.com/game.php?id=1274917"]
[Date "2014.4.21"]
[Round "2"]
[White "atom"]
[Black "pizzaiolo72"]
[Result "1-0"]
[WhiteElo "2263"]
[BlackElo "2053"]

1. b4 e5 2. Bb2 Nf6 3. Bxe5 Bxb4 4. Nf3 d6 5. Bb2 Bf5 6. e3 O-O 7. Be2 Nbd7 8.
O-O h6 9. d4 Re8 10. c4 c5 11. d5 a6 12. Nc3 Rb8 13. h3 b5 14. cxb5 Bxc3 15.
Bxc3 axb5 16. Bd3 Ne4 17. Bb2 c4 18. Nd4 cxd3 19. Nxf5 Ne5 20. f4 Nc4 21. Bd4
Nf6 22. Qxd3 Nxd5 23. a4 Nb4 24. Qb3 Nc6 25. Qc3 Nxd4 26. Qxd4 Qf6 27. Qxf6 gxf6
28. Nxh6+ Kh7 29. Ng4 Kg6 30. axb5 Rxb5 31. Rae1 f5 32. Nh2 Rxe3 33. Rxe3 Nxe3
34. Rf3 Rb1+ 35. Kf2 Nd1+ 36. Ke2 d5 37. Rd3 Ra1 38. Rxd1 Rxd1 39. Kxd1 1-0

[Event "AUTO-MASTER-1897"]
[Site "http://www.queenalice.com/game.php?id=1274918"]
[Date "2014.4.21"]
[Round "2"]
[White "pizzaiolo72"]
[Black "atom"]
[Result "0-1"]
[WhiteElo "2047"]
[BlackElo "2267"]

1. d4 Nf6 2. c4 c5 3. d5 b5 4. b3 e6 5. dxe6 fxe6 6. e3 bxc4 7. Bxc4 d5 8. Bb5+
Nbd7 9. Nf3 Qa5+ 10. Nc3 Qxc3+ 11. Bd2 Qb2 12. Ng5 Qe5 13. f4 Qd6 14. O-O h6 15.
Nf3 Bb7 16. Ne5 Qb6 17. Bxd7+ Nxd7 18. Qh5+ Kd8 19. Nf7+ Kc7 20. Nxh8 Be7 21.
Ng6 Bf6 22. Ne5 Rf8 23. Rac1 Bc6 24. Nxc6 Qxc6 25. Bc3 Kb6 26. Bxf6 Nxf6 27. Qg6
Qd7 28. Qd3 Ne4 29. Rfd1 Qb5 30. g4 g6 31. a4 Qb4 32. Rc2 a6 33. Ra1 Ka7 34. Rf1
Rb8 35. f5 gxf5 36. gxf5 exf5 37. Qxd5 Qxb3 38. Qxb3 Rxb3 39. Rxf5 Rxe3 40. Re5
Kb6 41. h4 Rg3+ 42. Kh2 Rg4 43. Kh3 Rf4 44. Re6+ Ka5 45. Rxh6 c4 46. h5 c3 47.
Re6 Kxa4 48. h6 Ng5+ 0-1

[Event "AUTO-OPEN-3288"]
[Site "http://www.queenalice.com/game.php?id=1294527"]
[Date "2014.7.13"]
[Round "1"]
[White "highlander7"]
[Black "atom"]
[Result "0-1"]
[WhiteElo "2431"]
[BlackElo "2270"]

1. e4 d6 2. d4 Nf6 3. Nc3 Nbd7 4. Nf3 e5 5. Bc4 Be7 6. dxe5 dxe5 7. Ng5 O-O 8.
Bxf7+ Rxf7 9. Ne6 Qe8 10. Nxc7 Qd8 11. Nxa8 b5 12. Be3 Bb7 13. f3 a6 14. Nb6
Nxb6 15. Qxd8+ Bxd8 16. O-O-O Rd7 17. Rxd7 Nbxd7 18. a4 b4 0-1

[Event "AUTO-OPEN-3288"]
[Site "http://www.queenalice.com/game.php?id=1294528"]
[Date "2014.7.13"]
[Round "1"]
[White "atom"]
[Black "highlander7"]
[Result "1-0"]
[WhiteElo "2287"]
[BlackElo "2420"]

1. c4 Nf6 2. Nc3 e5 3. Nf3 Nc6 4. g3 d5 5. cxd5 Nxd5 6. Bg2 Nb6 7. O-O Be7 8. a3
O-O 9. b4 Be6 10. Rb1 f6 11. d3 a5 12. b5 Nd4 13. Nd2 Qc8 14. e3 Nf5 15. Qe2 Nd6
16. Bb2 Bg4 17. f3 Bh3 18. f4 Bxg2 19. Qxg2 1-0

[Event "AUTO-OPEN-3288"]
[Site "http://www.queenalice.com/game.php?id=1294549"]
[Date "2014.7.13"]
[Round "1"]
[White "atom"]
[Black "saturnin"]
[Result "1-0"]
[WhiteElo "2284"]
[BlackElo "1626"]

1. b4 e5 2. Bb2 Qe7 3. a3 g6 4. f4 f6 5. fxe5 Bg7 6. exf6 Bxf6 7. Nc3 Nh6 8. Nf3
O-O 9. g3 c6 10. Bg2 d5 11. O-O b5 12. e3 Bg7 13. Qe2 a6 14. Rae1 Bg4 15. Nd1
Nd7 16. h3 Be6 17. Bxg7 Kxg7 18. Nd4 Qd6 19. g4 Nb6 20. Nb2 Rxf1+ 21. Rxf1 a5
22. c3 axb4 23. axb4 Na4 24. Nd3 Nb6 25. Nc5 Bf7 26. Qf2 Rf8 27. Nce6+ Bxe6 28.
Nxe6+ Kh8 29. Qxf8+ 1-0

[Event "AUTO-OPEN-3288"]
[Site "http://www.queenalice.com/game.php?id=1294550"]
[Date "2014.7.13"]
[Round "1"]
[White "saturnin"]
[Black "atom"]
[Result "0-1"]
[WhiteElo "1624"]
[BlackElo "2285"]

1. b4 d5 2. d4 Nf6 3. g3 Nbd7 4. Bg2 e6 5. c3 Bd6 6. Nf3 O-O 7. a4 a5 8. b5 c5
9. Bb2 Qc7 10. O-O Nb6 11. dxc5 Bxc5 12. e3 Nc4 13. Bc1 e5 14. Nbd2 Bd6 15. h3
Bf5 16. Nxc4 Qxc4 17. g4 Bd3 18. Re1 Rac8 19. Bb2 Ne4 20. Rc1 f6 21. Nd2 Nxd2
22. Qxd2 e4 23. Qd1 Qa2 24. Qd2 Ba3 25. f3 Qxb2 26. Qxb2 Bxb2 27. fxe4 Bxc1 28.
Rxc1 dxe4 29. Kf2 Rc4 30. Ra1 Rxc3 31. Kg3 Rfc8 32. Kf4 R8c4 33. h4 Kf7 0-1

[Event "AUTO-OPEN-3288"]
[Site "http://www.queenalice.com/game.php?id=1294551"]
[Date "2014.7.13"]
[Round "1"]
[White "atom"]
[Black "Manoeljoaquim"]
[Result "1-0"]
[WhiteElo "2282"]
[BlackElo "1782"]

1. f4 d5 2. Nf3 Nc6 3. e3 e6 4. b3 Bd7 5. Bb2 Nf6 6. Bb5 Be7 7. O-O a6 8. Bxc6
Bxc6 9. d3 Bd7 10. Ne5 Bd6 11. Nd2 Bxe5 12. Bxe5 c5 13. Qe1 b6 14. Qh4 Bc6 15.
f5 Nd7 16. Qxd8+ Rxd8 17. Bxg7 Rg8 18. Bb2 e5 19. d4 e4 20. a4 Nf6 21. dxc5 Ng4
22. Bd4 b5 23. axb5 Bxb5 24. c4 dxc4 25. bxc4 1-0

[Event "AUTO-OPEN-3288"]
[Site "http://www.queenalice.com/game.php?id=1294552"]
[Date "2014.7.13"]
[Round "1"]
[White "Manoeljoaquim"]
[Black "atom"]
[Result "0-1"]
[WhiteElo "1780"]
[BlackElo "2283"]

1. e4 d6 2. d4 e5 3. dxe5 dxe5 4. Qxd8+ Kxd8 5. Nf3 f6 6. Nc3 Be6 7. Be3 c6 8.
Bd3 Nd7 9. a3 Bc5 10. O-O Bxe3 11. fxe3 Ne7 12. Rad1 Kc7 13. b4 Rhd8 14. Ne2 Nb6
15. Ng3 Nc4 16. Bxc4 Bxc4 17. Rfe1 Rxd1 18. Rxd1 Rd8 19. Rxd8 Kxd8 20. Kf2 g6
21. Ke1 Kc7 22. Kd2 Kb6 23. Kc3 Be6 24. Ne1 Kb5 25. Nd3 b6 26. Kb2 Nc8 27. h3
Nd6 28. c3 Nc4+ 29. Kc1 Nxe3 0-1

[Event "AUTO-MASTER-2121"]
[Site "http://www.queenalice.com/game.php?id=1294566"]
[Date "2014.7.14"]
[Round "1"]
[White "powerrangel"]
[Black "atom"]
[Result "1-0"]
[WhiteElo "2468"]
[BlackElo "2309"]

1. e4 d6 2. d4 Nf6 3. Nc3 g6 4. Nf3 Bg7 5. Bc4 O-O 6. O-O Nxe4 7. Nxe4 d5 8. Bd3
dxe4 9. Bxe4 Nd7 10. c3 c5 11. Bg5 cxd4 12. Nxd4 Nf6 13. Bf3 Qa5 14. Qd2 Rd8 15.
Qe3 e5 16. Nb3 Qc7 17. Rfe1 Re8 18. Qc5 Qxc5 19. Nxc5 Rb8 20. Rad1 b6 21. Nd3 e4
22. Bxf6 Bxf6 23. Bxe4 Be6 24. Nb4 Rbd8 25. Bc6 Rxd1 26. Rxd1 Rd8 27. Rxd8+ Bxd8
28. a4 Bg5 29. Bb5 a5 30. Nd3 Kf8 31. f4 Bf6 32. Kf2 Ke7 33. Ke3 Kd6 34. Nf2 Bd5
35. Ne4+ Bxe4 36. Kxe4 Bg7 37. g4 f6 38. h4 Bh8 39. Bc4 Bg7 40. g5 f5+ 41. Kd3
Ke7 42. Bg8 h6 43. Kc4 hxg5 44. hxg5 Ke8 45. Kb5 Bf8 46. Kxb6 Bd6 47. Kxa5 Bxf4
48. Kb6 Bxg5 49. b4 Bd2 50. a5 1-0

[Event "AUTO-MASTER-2121"]
[Site "http://www.queenalice.com/game.php?id=1294567"]
[Date "2014.7.14"]
[Round "1"]
[White "atom"]
[Black "powerrangel"]
[Result "0-1"]
[WhiteElo "2279"]
[BlackElo "2342"]

1. f4 d5 2. Nf3 g6 3. g3 Bg7 4. Bg2 c5 5. d3 Nf6 6. O-O O-O 7. Nc3 d4 8. Ne4
Nxe4 9. dxe4 Nc6 10. e3 Bg4 11. Qe2 Qd7 12. Rd1 e5 13. fxe5 Rad8 14. Qf1 Nxe5
15. exd4 Nxf3+ 16. Bxf3 Bxd4+ 17. Kh1 Bf2 18. Rxd7 Bxf3+ 19. Qg2 Bxg2+ 20. Kxg2
Rxd7 21. Kxf2 Rd1 22. b3 f5 23. e5 Rfd8 24. a4 Rh1 0-1

[Event "AUTO-MASTER-2121"]
[Site "http://www.queenalice.com/game.php?id=1294584"]
[Date "2014.7.14"]
[Round "1"]
[White "atom"]
[Black "gedalias"]
[Result "1-0"]
[WhiteElo "2304"]
[BlackElo "2006"]

1. c4 e5 2. g3 Nf6 3. Bg2 d5 4. cxd5 Nxd5 5. Nf3 Nc6 6. O-O Be7 7. Nc3 O-O 8.
Nxd5 Qxd5 9. d3 Qd6 10. Be3 f5 11. Rc1 Bd7 12. Qb3+ Be6 13. Qxb7 Bd5 14. Bc5 Qd7
15. Bxe7 Nxe7 16. Qxc7 Qxc7 17. Rxc7 Ng6 18. b3 1-0

[Event "AUTO-MASTER-2121"]
[Site "http://www.queenalice.com/game.php?id=1294585"]
[Date "2014.7.14"]
[Round "1"]
[White "gedalias"]
[Black "atom"]
[Result "0-1"]
[WhiteElo "2014"]
[BlackElo "2275"]

1. e4 e6 2. d4 d5 3. Nc3 dxe4 4. Nxe4 Nd7 5. Nf3 Ngf6 6. Bd3 c5 7. Nxc5 Nxc5 8.
dxc5 Bxc5 9. Bb5+ Bd7 10. Qd3 Qa5+ 11. Qd2 Qxd2+ 12. Bxd2 Bxb5 13. a4 Bc6 14. b4
Bxf3 15. gxf3 Bd6 16. O-O Rc8 17. c3 Ke7 18. Rac1 Rhd8 19. Rfd1 Nd5 20. c4 Nxb4
0-1

[Event "AUTO-MASTER-2121"]
[Site "http://www.queenalice.com/game.php?id=1294586"]
[Date "2014.7.14"]
[Round "1"]
[White "atom"]
[Black "yclaudiu35"]
[Result "1-0"]
[WhiteElo "2269"]
[BlackElo "1823"]

1. Nf3 Nc6 2. d4 h6 3. e4 e6 4. Be3 d5 5. e5 a6 6. a3 f6 7. exf6 Nxf6 8. Bd3 Bd6
9. Bg6+ Kf8 10. O-O Ne7 11. Bd3 g5 12. Nbd2 c6 13. Ne5 Bxe5 14. dxe5 Nd7 15. f4
Kg7 16. Qg4 Nf8 17. fxg5 h5 18. Qf3 Nf5 19. Nb3 Ng6 20. Bf4 Nxf4 21. Qxf4 Kg6
22. h4 b6 23. Nd4 Rf8 24. g4 hxg4 25. Qxg4 Kg7 26. Nxf5+ exf5 27. Bxf5 b5 28.
Bxc8 Rxc8 29. Rxf8 Qxf8 30. Qd7+ Kg8 31. Rf1 Qe8 32. Qxe8+ Rxe8 33. Rf6 Rxe5 34.
Rxc6 a5 35. Kf2 Kf7 36. Rc5 Re4 37. Kg3 Ke6 38. Rxb5 a4 39. Rb4 1-0

[Event "AUTO-MASTER-2121"]
[Site "http://www.queenalice.com/game.php?id=1294587"]
[Date "2014.7.14"]
[Round "1"]
[White "yclaudiu35"]
[Black "atom"]
[Result "0-1"]
[WhiteElo "1854"]
[BlackElo "2303"]

1. e4 c6 2. Bc4 d5 3. exd5 cxd5 4. Bb3 e5 5. d4 e4 6. Nc3 Be6 7. Bf4 Nc6 8. Nb5
Rc8 9. f3 Qa5+ 10. Nc3 Bb4 11. Ne2 Nf6 12. O-O O-O 13. a3 Bxc3 14. Nxc3 exf3 15.
gxf3 Qb6 16. Ne2 Na5 17. Be5 Nxb3 18. cxb3 Bf5 19. Nc3 Rfd8 20. b4 a5 21. b5 Bh3
22. Re1 Nh5 23. Kf2 Qg6 24. Rg1 Qf5 25. Qd2 f6 26. Bg3 Bg4 27. f4 Re8 28. Rae1
g5 29. Rxe8+ Rxe8 30. Re1 Rxe1 31. Kxe1 Nxf4 32. Bxf4 gxf4 33. Qg2 Qe6+ 34. Kf1
f3 35. Qg3 Kf7 36. Qc7+ Kg6 37. Qxb7 Bh3+ 38. Kf2 Qg4 39. Qxd5 Qg2+ 40. Ke3 Qg1+
41. Kd2 Qxh2+ 42. Kc1 Qf4+ 43. Kd1 Bf5 44. Qg8+ Kh5 45. Qg1 f2 46. Qh1+ Kg5 47.
Qf1 Bh3 48. Ne4+ Qxe4 49. Qxf2 Qb1+ 50. Ke2 Qxb2+ 51. Ke1 Qxf2+ 52. Kxf2 Kf4 0-1

[Event "Challenge"]
[Site "http://www.queenalice.com/game.php?id=1321190"]
[Date "2014.11.9"]
[Round "-"]
[White "WeirdGoblin"]
[Black "atom"]
[Result "0-1"]
[WhiteElo "2142"]
[BlackElo "2309"]

1. c4 f5 2. Nc3 Nf6 3. g3 g6 4. Bg2 Bg7 5. d4 O-O 6. Bg5 d6 7. e3 c6 8. Nge2 e5
9. dxe5 dxe5 10. e4 Be6 11. b3 Qc7 12. O-O Nbd7 13. Qc2 Rad8 14. Rad1 Nc5 15. f4
fxe4 16. Nxe4 Ncxe4 17. Rxd8 Rxd8 18. Bxe4 Rf8 19. Bf3 Bf5 0-1

[Event "Challenge"]
[Site "http://www.queenalice.com/game.php?id=1321191"]
[Date "2014.11.9"]
[Round "-"]
[White "atom"]
[Black "WeirdGoblin"]
[Result "1-0"]
[WhiteElo "2302"]
[BlackElo "2148"]

1. b4 e5 2. Bb2 Bxb4 3. Bxe5 Nf6 4. Nf3 Nc6 5. Bb2 d5 6. e3 O-O 7. Be2 Qe7 8.
O-O Bf5 9. c4 dxc4 10. Bxc4 Rad8 11. Nc3 Bd3 12. Bxd3 Rxd3 13. Ne1 Rd7 14. d4
Rfd8 15. Qa4 Bxc3 16. Bxc3 Ne4 17. Qc2 1-0

[Event "AUTO-ELITE-1440"]
[Site "http://www.queenalice.com/game.php?id=1338517"]
[Date "2015.1.31"]
[Round "1"]
[White "pumamercedino"]
[Black "atom"]
[Result "0-1"]
[WhiteElo "2380"]
[BlackElo "2316"]

1. e4 d6 2. d4 Nf6 3. Nc3 g6 4. Nf3 Bg7 5. Be2 O-O 6. O-O c6 7. a4 Nbd7 8. Re1
e5 9. dxe5 dxe5 10. a5 Qc7 11. Be3 Rd8 12. Qc1 Ng4 13. Bg5 Ngf6 14. Rd1 Nc5 15.
Rxd8+ Qxd8 16. Qe3 Qe7 17. h3 Rb8 18. Nxe5 Be6 19. Nd3 Nxd3 20. cxd3 Qb4 21.
Bxf6 Bxf6 22. Qf4 Qxb2 23. Rb1 Qxc3 24. Qxb8+ Kg7 25. Qxb7 Qxa5 26. Qxc6 Qa2 27.
Rb7 Bd4 28. Qd6 Qa1+ 29. Bf1 Bc8 30. Rb4 Bb6 0-1

[Event "AUTO-ELITE-1440"]
[Site "http://www.queenalice.com/game.php?id=1338518"]
[Date "2015.1.31"]
[Round "1"]
[White "atom"]
[Black "pumamercedino"]
[Result "1-0"]
[WhiteElo "2330"]
[BlackElo "2366"]

1. c4 c5 2. Nf3 Nf6 3. Nc3 Nc6 4. d4 cxd4 5. Nxd4 g6 6. e4 d6 7. Be2 Bg7 8. Be3
O-O 9. O-O Bd7 10. Qd2 Nxd4 11. Bxd4 Bc6 12. f3 a5 13. Rab1 Nd7 14. Be3 Nc5 15.
Kh1 f5 16. exf5 Rxf5 17. Rfd1 a4 18. Nb5 Qa5 19. Nd4 Qxd2 20. Rxd2 Rff8 21. Nxc6
bxc6 22. Bxc5 dxc5 23. Rd7 Rfb8 24. Rxe7 a3 25. b3 Rd8 26. f4 Rd2 27. Bf3 Rxa2
28. Bxc6 Rb2 29. Rbe1 Rf8 30. Bd5+ 1-0

[Event "AUTO-ELITE-1440"]
[Site "http://www.queenalice.com/game.php?id=1338523"]
[Date "2015.1.31"]
[Round "1"]
[White "pedrolopez"]
[Black "atom"]
[Result "1-0"]
[WhiteElo "2530"]
[BlackElo "2316"]

1. e4 c6 2. d4 d5 3. e5 Bf5 4. Nf3 e6 5. Be2 Nd7 6. O-O h6 7. c3 Ne7 8. Nh4 Bh7
9. f4 c5 10. Bd3 Nc6 11. Bxh7 Rxh7 12. Nf3 Qb6 13. Kh1 O-O-O 14. Na3 Be7 15. Nc2
Rg8 16. c4 dxc4 17. d5 exd5 18. Qxd5 g6 19. Qxc4 g5 20. Ne3 Qb4 21. Qc2 Rhg7 22.
Bd2 Qb5 23. Nf5 Rg6 24. Nxe7+ Nxe7 25. Nd4 1-0

[Event "AUTO-ELITE-1440"]
[Site "http://www.queenalice.com/game.php?id=1338524"]
[Date "2015.1.31"]
[Round "1"]
[White "atom"]
[Black "pedrolopez"]
[Result "0-1"]
[WhiteElo "2322"]
[BlackElo "2526"]

1. c4 g5 2. d4 h6 3. Nc3 Bg7 4. e4 c5 5. Nge2 cxd4 6. Nxd4 Nc6 7. Be3 Nf6 8. Nf5
Bf8 9. Be2 d6 10. Ng3 Be6 11. f4 gxf4 12. Bxf4 h5 13. Nxh5 Nxh5 14. Bxh5 Qa5 15.
Be2 Bg7 16. Bd2 Qc5 17. Qa4 Rxh2 18. Rxh2 Qg1+ 19. Bf1 Qxh2 20. O-O-O Bxc3 21.
bxc3 O-O-O 22. Re1 Qe5 23. Qb5 a6 24. Qb6 Kb8 25. c5 Qxc5 26. Qxc5 dxc5 27. Bf4+
Ka7 28. a3 Na5 0-1